Statistics for 50 Rivers on a World Map

Click here to take the quiz!

General Stats

  • This quiz has been taken 6,154 times
  • The average score is 29 of 50

Answers on the Map

Answers color-coded by a green-red scale on the quiz's map according to % correct below.
 

Answer Stats

Answer% Correct
Nile
98%
Amazon
97%
Mississippi
97%
Danube
92%
Yellow River
91%
Congo
89%
Rhine
87%
Missouri
86%
Yangtze
86%
Ganges
84%
Niger
83%
Rio Grande
83%
Volga
83%
Tigris
82%
Euphrates
81%
Colorado
80%
Mekong
79%
Indus
74%
Ohio
67%
Blue Nile
66%
Zambezi
65%
Yukon
64%
Dnieper
62%
Loire
61%
Saint Lawrence
59%
Ob
56%
Orange
53%
Arkansas
51%
Amur
48%
Senegal
48%
Parana
47%
Lena
46%
Pearl River
46%
Columbia
45%
Murray
45%
Mackenzie
44%
Vistula
43%
Brahmaputra
42%
Orinoco
38%
Paraguay
37%
Uruguay
37%
Tagus
35%
Yenisey
33%
Irrawaddy
25%
Rio Negro
22%
Amu Darya
19%
Syr Darya
18%
Irtysh
14%
Madeira
13%
Tocantins
13%

Score Distribution

Percentile by Number Answered

Percent of People with Each Score

Your Score History

You have not taken this quiz